000 00388nam a22001457a 4500
003 MACL
005 20170525121022.0
008 170525b xxu||||| |||| 00| 0 eng d
040 _cMACL
100 _aDuggal Ramesh
_967199
245 _aFinancial Managenent
_bA Study of Small Business
260 _aGuwahati
_bMadhurima Books
_c2015
650 _aManagement
_967200
942 _2ddc
_cBK
999 _c56364
_d56364